都市傳說 . 如月車站 . 12

資料類型: Book 圖書   書目號:51618

Leader xxxxxxxxxx
001 __ 102485/1/01
005 __ 20171120175602.596
010 0_ |a9789869350433|b第12冊 : 平裝|d新臺幣280元
042 __ |anbim
100 __ |a20171120d2016    k  y0chiy50      e
101 0_ |achi
102 __ |atw
105 __ |ay   z   000ay
200 1_ |a都市傳說|h12|i如月車站|f笭菁著
205 __ |a初版
210 __ |a臺北市|c奇幻基地出版|c家庭傳媒城邦分公司發行|d2016[民105]
215 0_ |a301面|d21公分
225 12 |a境外之城|v66
517 1_ |a如月車站|zchi
681 __ |a857.7|b855 v.12
700 _0 |a笭菁|4801 _0 |atw|bLibDipper|c20171120|gCCR
詳細館藏(共 1 筆)
索 書 號登 錄 號冊次號館別 / 館藏地流通類型狀態加入預約清單電子資源
857.7 / 855 1024851 v.12 圖書館 / 一樓普通區 可外借30天 在館   

| 條列資料




目錄查詢 分類查詢 個人資料 圖書薦購 新書查詢 閉館日 排行榜 更多電子資源 Hami書城 線上資料庫 登出

From : 216.73.217.87

  本日流通累計至 15:18:43 借閱 : 13 次 續借 : 0 次 歸還 : 10 次 預約 : 0 次 電子資源 : 0 次


內湖高中圖書館  PCLIS 版本  26.5.0.12